| 000 | 01020nmc a2200349 a 4500 | ||
|---|---|---|---|
| 003 | AR-BaBNM | ||
| 005 | 20251128210220.0 | ||
| 008 | 129019s1997 ||||||||||||||000 | spa|| | ||
| 020 | _a84-206-2011-4 | ||
| 040 | _cAR-BaBNM | ||
| 100 | 1 |
_aMumford, Lewis _d1895-1990 |
|
| 245 | 1 | 0 | _aTécnica y civilización |
| 260 |
_aMadrid _bAlianza Editorial _c1997 |
||
| 300 | 0 | _a522 p. | |
| 490 | 0 |
_aUniversidad _vv. 11 |
|
| 500 | 0 | _aIndice alfabético de nombres p. 503-522 | |
| 500 | 0 | _aContiene una interesante cronología con referencia a los inventos p. 459-473 | |
| 504 | _aBibliografía para consultar p. 474-501 | ||
| 650 | 4 | _aHISTORIA ECONOMICA | |
| 650 | 4 | _aHISTORIA SOCIAL | |
| 650 | 4 | _aMAQUINAS | |
| 650 | 4 | _aCAMBIO TECNOLOGICO | |
| 650 | 4 | _aINVENTOS | |
| 650 | 4 | _aCIVILIZACION | |
| 650 | 4 | _aTECNOLOGIA | |
| 650 | 4 | _aTRABAJO | |
| 650 | 4 | _aHISTORIA DE LAS CIENCIAS | |
| 653 | 0 | _aREVOLUCION INDUSTRIAL | |
| 700 | 1 |
_aAznar de Acevedo, Constantino _etraductor |
|
| 942 | _cBK | ||
| 998 | _cMariana | ||
| 999 |
_c14545 _d14545 |
||